00550nam a2200193 a 4500001001300000003000900013005001700022008004100039020001000080082001300090100001500103245007700118260005000195300000900245500003500254505002000289650003200309700001500341nice12345678IN_TiNIC20260116013106.0050524s1964 cama grp 000 0 eng  ac19500a183bLEW aLewis, C S aDiscarded Imageb an Introduction to Medieval and Renaissance Literature aCambridge bCambridge University Press c1964 a232p aincludes index and biblioraphy2 aEpilogue, Index aPhilosophy-Medieval-Western1 aLewis, C S